Рынок женщин (Запись № 5462788)

Подробности
000 -МАРКЕР
контрольное поле 01177nam0a22002891 4500
001 - ИДЕНТИФИКАТОР ЗАПИСИ
контрольное поле rc\2557995
005 - ИДЕНТИФИКАТОР ВЕРСИИ
контрольное поле 20260406111414.0
035 ## - ДРУГИЕ СИСТЕМНЫЕ НОМЕРА
Идентификатор записи (NLR Aleph) 006722927
100 ## - ДАННЫЕ ОБЩЕЙ ОБРАБОТКИ
Данные общей обработки 20110914d1927 |||y0rusy50 ca
101 1# - ЯЗЫК РЕСУРСА
Язык текста, звукозаписи и т.д. русский
Язык оригинала французский
102 ## - СТРАНА ПУБЛИКАЦИИ ИЛИ ПРОИЗВОДСТВА
Страна публикации Российская Федерация
105 ## - ПОЛЕ КОДИРОВАННЫХ ДАННЫХ: ТЕКСТОВЫЕ МАТЕРИАЛЫ, МОНОГРАФИЧЕСКИЕ
Кодированные данные о монографическом текстовом документе y z |||||
200 1# - ЗАГЛАВИЕ И СВЕДЕНИЯ ОБ ОТВЕТСТВЕННОСТИ
Основное заглавие Рынок женщин
Первые сведения об ответственности Пер. с фр. З. Вершининой
210 ## - ПУБЛИКАЦИЯ, РАСПРОСТРАНЕНИЕ И ДР.
Место издания, распространения и т.д. Москва
Имя издателя, распространителя и т. д. Недра
-- Мосполиграф
Дата издания, распространения и т.д. 1927
Имя изготовителя Типо-цинкография "Мысль печатника"
215 ## - ФИЗИЧЕСКАЯ ХАРАКТЕРИСТИКА
Специфическое обозначение материала и объем 173, [2] с., [1] с. объявл.
Размеры 21х15 см.
300 ## - ОБЩИЕ ПРИМЕЧАНИЯ
Текст примечания Загл. на 2-й стр. обложки на фр. яз.
300 ## - ОБЩИЕ ПРИМЕЧАНИЯ
Текст примечания Доб. тит. лист: "Albert Londres. Le chemin de Buenos-Aires (La traite des blanches)"
300 ## - ОБЩИЕ ПРИМЕЧАНИЯ
Текст примечания Обложка: Р. Х.
700 #1 - ИМЯ ЛИЦА - ПЕРВИЧНАЯ ОТВЕТСТВЕННОСТЬ
Графика поля Кириллица
Материалы, к которым относится поле rus
Начальный элемент ввода Лондр
Часть имени, кроме начального элемента ввода А.
Даты 1884-1932
Расширение инициалов личного имени Альбер
Системный номер авторитетной/нормативной записи 220075
Идентификатор авторитетной/нормативной записи RU\NLR\AUTH\770220131
702 #1 - ИМЯ ЛИЦА - ВТОРИЧНАЯ ОТВЕТСТВЕННОСТЬ
Код отношения Переводчик
Графика поля Кириллица
Материалы, к которым относится поле rus
Начальный элемент ввода Вершинина
Часть имени, кроме начального элемента ввода З. А.
Даты 1873-1942
Расширение инициалов личного имени Зинаида Андреевна
Идентификатор авторитетной/нормативной записи RU\NLR\AUTH\77120139
Системный номер авторитетной/нормативной записи 103064
801 #0 - ИСТОЧНИК ЗАПИСИ
Страна Российская Федерация
Организация NLR
Правила каталогизации psbo
801 #1 - ИСТОЧНИК ЗАПИСИ
Страна Российская Федерация
Организация ELAR
Источник данных rusmarc
852 ## - МЕСТОНАХОЖДЕНИЕ И ШИФР ХРАНЕНИЯ
Идентификатор организации NLR
Шифр хранения (Call Number) 43/283
942 ## - ДОПОЛНИТЕЛЬНЫЕ ЭЛЕМЕНТЫ ЗАПИСИ (АБИС)
Тип экземпляра АБИС Книга
980 ## - КОЛЛЕКЦИЯ
Название коллекции Национальная библиография
Экземпляры
Тип экземпляра Дата поступления Библиотека постоянного хранения Библиотека текущего хранения Место хранения Шифр хранения Штрих-код Статус экземпляра
Книга 26.10.2013 РНБ (Садовая) РНБ (Садовая) Русский книжный фонд -Главное здание, Ленинский читальный зал 43/283 1-3988893  
Книга 25.12.2024 РНБ (Садовая) РНБ (Садовая) Русский книжный фонд -Главное здание, Ленинский читальный зал 43/283а 6722927-20